00592nam a2200157 a 450000100100000000500170001000800410002704000250006808200160009324500740010926000630018330000280024670000290027495201140030399900170041700003606820240307174645.0111125s2005 dr a r 000 0 spa d aDO-SdBNPbspacBNPHU axxxxbC357b00aCatálogo bibliográfico dominicano 2005 /cedición Orlando Inoa. aSanto Domingo :bSecretaría de Estado de Cultura,c2005. a119 p. :bil. ;c14 cm.1 aInoa, Orlandoeed.95784 0010718PDaPDbPDcCTd2011-11-25iLF1l0oxxxx C357bp36068-10r2020-06-25w2020-06-25yLFPDZNo se presta c35559d35559